| 000 | 01081nam a2200289 i 4500 | ||
|---|---|---|---|
| 003 | OSt | ||
| 005 | 20260514154440.0 | ||
| 008 | 260514t20242024 ao fr 001 0beng d | ||
| 020 |
_a9781399096775 _cRM220.00 _qpaperback |
||
| 040 |
_aPPAK _beng _cPPAK _erda |
||
| 082 | 0 | 4 |
_223 _a794.803 |
| 090 | 0 | 0 |
_a794.803 _bSCU _dR |
| 100 | 1 |
_aScullion, Chris, _eauthor. |
|
| 245 | 1 | 4 |
_aTHE Game Boy ENCYCLOPEDIA : _bEvery Game Released for the Nintendo Game Boy and Game Boy Color / _cCHRIS SCULLION |
| 264 | 1 |
_aYorkshire, Philadelphia : _bWHITE OWL, AN IMPRINT OF PEN & SWORD BOOKS LTD., _c2024 |
|
| 264 | 4 | _c©2024 | |
| 300 |
_a320 pages ; _bcolour illustrations, colour photographs ; _c30 cm |
||
| 336 |
_atext _2rdacontent |
||
| 337 |
_aunmediated _2rdamedia |
||
| 338 |
_avolume _2rdacarrier |
||
| 500 | _aIncludes index. | ||
| 650 | 1 | 0 |
_aVideo games _xEquipment and supplies _vEncyclopedia |
| 650 | 2 | 0 |
_aGame Boy video games _vEncyclopedia |
| 650 | 2 | 0 | _aNintendo video games |
| 650 | 2 | 0 |
_aElectronic games industry _xHistory |
| 942 |
_2ddc _cB |
||
| 999 |
_c204283 _d204283 |
||